MARC

LEADER 00000naa2a2200000 4500
001 634192
005 20240219161145.0
035 |a (RuTPU)RU\TPU\conf\35977 
035 |a RU\TPU\conf\35976 
090 |a 634192 
100 |a 20220412d2021 k y0rusy50 ca 
101 0 |a rus 
102 |a RU 
105 |a y z 101zy 
135 |a drgn ---uucaa 
181 0 |a i  
182 0 |a b 
200 1 |a Генерация электроэнергии на территории Сибирского федерального округа  |f Н. А. Толмачев, А. В. Филимоненко, М. Р. Шлапак, Н. М. Космынина  |g науч. рук. Н. М. Космынина 
203 |a Текст  |c электронный 
225 1 |a Экологические проблемы энергетики 
300 |a Заглавие с экрана 
320 |a [Библиогр.: с. 331 (8 назв.)] 
463 0 |0 (RuTPU)RU\TPU\conf\35907  |t Бутаковские чтения  |o материалы I Всероссийской с международным участием молодежной конференции, 15-16 декабря 2021 г., Томск  |f Национальный исследовательский Томский политехнический университет, Инженерная школа энергетики ; ред. кол. В. Е. Губин, Л. В. Савостьянова, А. О. Жданова [и др.]  |v [С. 328-331]  |d 2021 
610 1 |a электронный ресурс 
610 1 |a труды учёных ТПУ 
610 1 |a Сибирский федеральный округ 
610 1 |a генерация 
610 1 |a электроэнергия 
610 1 |a энергетические системы 
610 1 |a объединенные энергосистемы 
610 1 |a история развития 
610 1 |a энергетика 
610 1 |a ТЭС 
610 1 |a ГЭС 
610 1 |a СЭС 
610 1 |a ЭСПП 
610 1 |a АЭС 
610 1 |a ветряные электростанции 
701 1 |a Толмачев  |b Н. А. 
701 1 |a Филимоненко  |b А. В. 
701 1 |a Шлапак  |b М. Р. 
701 1 |a Космынина  |b Н. М.  |c специалист в области электроэнергетики  |c доцент Томского политехнического университета, кандидат технических наук  |f 1953-  |g Нина Михайловна  |3 (RuTPU)RU\TPU\pers\26575  |9 12264 
702 1 |a Космынина  |b Н. М.  |c специалист в области электроэнергетики  |c доцент Томского политехнического университета, кандидат технических наук  |f 1953-  |g Нина Михайловна  |4 727 
712 0 2 |a Национальный исследовательский Томский политехнический университет  |b Инженерная школа энергетики  |b Отделение электроэнергетики и электротехники  |3 (RuTPU)RU\TPU\col\23505 
801 2 |a RU  |b 63413507  |c 20220415  |g RCR 
856 4 |u http://earchive.tpu.ru/handle/11683/70612 
942 |c BK